| 000 | 00815nam a2200277Ia 4500 | ||
|---|---|---|---|
| 003 | OSt | ||
| 005 | 20220928125204.0 | ||
| 006 | a|||||r|||| 00| 0 | ||
| 007 | ta | ||
| 008 | 220927b |||||||| |||| 00| 0 eng d | ||
| 024 | _a21113 | ||
| 037 | _cTextual | ||
| 040 |
_aSDCL _cSDCL _beng |
||
| 041 |
_2eng _aeng |
||
| 082 | _aE9G,92Z2:g, P8 | ||
| 100 |
_aKannicht Christoph Ed. _9468812 |
||
| 245 | 0 |
_aPost-translational modifications of proteins _b Tools for functional proteomics. |
|
| 250 | _a2 | ||
| 260 |
_aTotowa _bHumana Press _c2008 |
||
| 300 |
_axvii,390p. _ccm. |
||
| 490 | _aMethods in molecular biologyTM | ||
| 650 |
_a Kannicht Christoph _9468813 |
||
| 650 | _aBiochemistry | ||
| 942 |
_hE9G,92Z2:g, P8 _cTEXL _2CC |
||
| 999 |
_c781527 _d781527 |
||